Fundamentos de diseño sísmico de las edificaciones (Record no. 82357)
[ view plain ]
| 000 -LEADER | |
|---|---|
| fixed length control field | 00665nam a22001937a 4500 |
| 005 - DATE AND TIME OF LATEST TRANSACTION | |
| control field | 20250304142236.0 |
| 008 - FIXED-LENGTH DATA ELEMENTS--GENERAL INFORMATION | |
| fixed length control field | 250304b mx |||||||| |||| 00| 0 spa d |
| 020 ## - INTERNATIONAL STANDARD BOOK NUMBER | |
| International Standard Book Number | 9786078755738 |
| 050 04 - LIBRARY OF CONGRESS CALL NUMBER | |
| Classification number | TA658.44 |
| Item number | G36 2024 |
| 100 1# - MAIN ENTRY--PERSONAL NAME | |
| Personal name | Gama García, Andrés |
| 245 10 - TITLE STATEMENT | |
| Title | Fundamentos de diseño sísmico de las edificaciones |
| Statement of responsibility, etc | / Andrés Gama García. |
| 250 ## - EDITION STATEMENT | |
| Edition statement | 1a ed. |
| 260 ## - PUBLICATION, DISTRIBUTION, ETC. (IMPRINT) | |
| Place of publication, distribution, etc | México : |
| Name of publisher, distributor, etc | Universidad Autónoma de Guerrero, Facultad de Ingeniería, |
| Date of publication, distribution, etc | 2024 |
| 300 ## - PHYSICAL DESCRIPTION | |
| Extent | xiv, 151 p. : |
| Other physical details | il. ; |
| Dimensions | 28 cm. |
| 504 ## - BIBLIOGRAPHY, ETC. NOTE | |
| Bibliography, etc | Incluye bibliografías |
| 650 #7 - SUBJECT ADDED ENTRY--TOPICAL TERM | |
| Source of heading or term | lemb |
| Topical term or geographic name as entry element | Diseño estructural |
| General subdivision | Cargas |
| 650 #7 - SUBJECT ADDED ENTRY--TOPICAL TERM | |
| Source of heading or term | lemb |
| Topical term or geographic name as entry element | Ingeniería sísmica |
| 942 ## - ADDED ENTRY ELEMENTS (KOHA) | |
| Source of classification or shelving scheme | Biblioteca del Cogreso de los Estados Unidos |
| Koha item type | Libro |
| Estado de pérdida | Fuente de clasificación | Estado del daño | No para préstamo | Ubicación permanente | Ubicación actual | Apartado o colección | Fecha de adquisición | Edición | Área del conocimiento | Total Checkouts | Clasificación | Código de Barras | Date last seen | Número de copia | Costo por reposición | Tipo de recurso |
|---|---|---|---|---|---|---|---|---|---|---|---|---|---|---|---|---|
| Biblioteca del Cogreso de los Estados Unidos | Biblioteca de la Facultad de Ingeniería Civil | Biblioteca de la Facultad de Ingeniería Civil | General | 04/03/2025 | 1a ed. | Ingeniería y Tecnología | TA658.44 G36 2024 | BIC000002064 | 04/03/2025 | 1 | 1.00 | Libro | ||||
| Biblioteca del Cogreso de los Estados Unidos | Biblioteca de la Facultad de Ingeniería Civil | Biblioteca de la Facultad de Ingeniería Civil | General | 04/03/2025 | 1a ed. | Ingeniería y Tecnología | TA658.44 G36 2024 | BIC000002065 | 04/03/2025 | 2 | 1.00 | Libro | ||||
| Biblioteca del Cogreso de los Estados Unidos | Biblioteca de la Facultad de Ingeniería Civil | Biblioteca de la Facultad de Ingeniería Civil | General | 04/03/2025 | 1a ed. | Ingeniería y Tecnología | TA658.44 G36 2024 | BIC000002066 | 04/03/2025 | 3 | 1.00 | Libro | ||||
| Biblioteca del Cogreso de los Estados Unidos | Biblioteca de la Facultad de Ingeniería Civil | Biblioteca de la Facultad de Ingeniería Civil | General | 04/03/2025 | 1a ed. | Ingeniería y Tecnología | TA658.44 G36 2024 | BIC000002067 | 04/03/2025 | 4 | 1.00 | Libro | ||||
| Biblioteca del Cogreso de los Estados Unidos | Biblioteca de la Facultad de Ingeniería Civil | Biblioteca de la Facultad de Ingeniería Civil | General | 04/03/2025 | 1a ed. | Ingeniería y Tecnología | TA658.44 G36 2024 | BIC000002068 | 04/03/2025 | 5 | 1.00 | Libro |